<?xml version="1.0" encoding="UTF-8"?>
<record
    xmlns:xsi="http://www.w3.org/2001/XMLSchema-instance"
    xsi:schemaLocation="http://www.loc.gov/MARC21/slim http://www.loc.gov/standards/marcxml/schema/MARC21slim.xsd"
    xmlns="http://www.loc.gov/MARC21/slim">

  <leader>06009    a2200457   4500</leader>
  <controlfield tag="003">Nust</controlfield>
  <controlfield tag="005">20170207170502.0</controlfield>
  <datafield tag="020" ind1=" " ind2=" ">
    <subfield code="a">9781118033654</subfield>
  </datafield>
  <datafield tag="020" ind1=" " ind2=" ">
    <subfield code="a">9781118033654</subfield>
  </datafield>
  <datafield tag="035" ind1=" " ind2=" ">
    <subfield code="a">(AU-PeEL)EBL675074</subfield>
  </datafield>
  <datafield tag="035" ind1=" " ind2=" ">
    <subfield code="a">(OCoLC)710974965</subfield>
  </datafield>
  <datafield tag="035" ind1=" " ind2=" ">
    <subfield code="a">(WaSeSS)ssj0000483340</subfield>
  </datafield>
  <datafield tag="035" ind1=" " ind2=" ">
    <subfield code="a">(WaSeSS)ssj0000483340</subfield>
  </datafield>
  <datafield tag="035" ind1=" " ind2=" ">
    <subfield code="a">(WaSeSS)ssj0000483340</subfield>
  </datafield>
  <datafield tag="040" ind1=" " ind2=" ">
    <subfield code="c">Nust</subfield>
  </datafield>
  <datafield tag="082" ind1="0" ind2="0">
    <subfield code="a">005.8076</subfield>
  </datafield>
  <datafield tag="100" ind1="1" ind2=" ">
    <subfield code="a">Cannon, David L.</subfield>
  </datafield>
  <datafield tag="245" ind1="1" ind2="0">
    <subfield code="a">CISA Certified Information Systems Auditor Study Guide (EBOOK)</subfield>
    <subfield code="h">[Elektronisk resurs].</subfield>
  </datafield>
  <datafield tag="250" ind1=" " ind2=" ">
    <subfield code="a">3rd ed.</subfield>
  </datafield>
  <datafield tag="260" ind1=" " ind2=" ">
    <subfield code="a">Hoboken :</subfield>
    <subfield code="b">John Wiley &amp; Sons, Inc.,</subfield>
    <subfield code="c">2011.</subfield>
  </datafield>
  <datafield tag="300" ind1=" " ind2=" ">
    <subfield code="a">1 online resource (702 p.)</subfield>
  </datafield>
  <datafield tag="500" ind1=" " ind2=" ">
    <subfield code="a">Description based upon print version of record.</subfield>
  </datafield>
  <datafield tag="505" ind1="0" ind2=" ">
    <subfield code="a">Answers to Review QuestionsChapter 2: Managing IT Governance; Strategy Planning for Organizational&#xFFFD;Control; Overview of Tactical Management; Planning and Performance; Overview of Business Process Reengineering; Operations Management; Summary; Exam Essentials; Review Questions; Answers to Review Questions; Chapter 3: Audit Process; Understanding the Audit Program; Establishing and Approving an&#xFFFD;Audit&#xFFFD;Charter; Preplanning Specific Audits; Performing an Audit Risk Assessment; Determining Whether an&#xFFFD;Audit&#xFFFD;Is&#xFFFD;Possible; Performing the Audit; Gathering Audit Evidence</subfield>
  </datafield>
  <datafield tag="505" ind1="0" ind2=" ">
    <subfield code="a">CISA Certified Information Systems Auditor Study Guide; Introduction; CISA Job Placement Areas; Assessment Test; Answers to Assessment Test; Chapter 1: Secrets of a Successful Auditor; Understanding the Demand for IS Audits; Understanding Policies, Standards, Guidelines, and Procedures; Understanding Professional Ethics; Understanding the Purpose of an Audit; Differentiating Between Auditor and&#xFFFD;Auditee Roles; Implementing Audit Standards; Auditor Is an Executive Position; Understanding the Corporate Organizational Structure; Summary; Exam Essentials; Review Questions</subfield>
  </datafield>
  <datafield tag="505" ind1="0" ind2=" ">
    <subfield code="a">Conducting Audit Evidence TestingReport Findings; Conducting Follow-Up (Closing&#xFFFD;Meeting); Summary; Exam Essentials; Review Questions; Answers to Review Questions; Chapter 4: Networking Technology Basics; Understanding the Differences in&#xFFFD;Computer Architecture; Selecting the Best System; Introducing the Open Systems Interconnect Model; Understanding Physical Network Design; Understanding Network Topologies; Differentiating Network Cable Types; Connecting Network Devices; Using Network Services; Expanding the Network; Using Software as a Service (SaaS); Managing Your Network; Summary</subfield>
  </datafield>
  <datafield tag="505" ind1="0" ind2=" ">
    <subfield code="a">Exam EssentialsReview Questions; Answers to Review Questions; Chapter 5: Information Systems Life Cycle; Governance in Software Development; Management of Software Quality; Overview of the Executive Steering&#xFFFD;Committee; Change Management; Management of the Software Project; Overview of the System Development&#xFFFD;Life Cycle; Overview of Data Architecture; Decision Support Systems; Program Architecture; Centralization versus Decentralization; Electronic Commerce; Summary; Exam Essentials; Review Questions; Answers to Review Questions; Chapter 6: System Implementation and Operations</subfield>
  </datafield>
  <datafield tag="505" ind1="0" ind2=" ">
    <subfield code="a">Understanding the Five Conflicting Disciplines Called Business Continuity</subfield>
  </datafield>
  <datafield tag="505" ind1="0" ind2=" ">
    <subfield code="a">Understanding the Nature of IT ServicesPerforming IT Operations Management; Performing Capacity Management; Using Administrative Protection; Performing Problem Management; Monitoring the Status of Controls; Implementing Physical Protection; Summary; Exam Essentials; Review Questions; Answers to Review Questions; Chapter 7: Protecting Information Assets; Understanding the Threat; Using Technical Protection; Summary; Exam Essentials; Review Questions; Answers to Review Questions; Chapter 8: Business Continuity and Disaster Recovery; Debunking the Myths</subfield>
  </datafield>
  <datafield tag="520" ind1=" " ind2=" ">
    <subfield code="a">The industry-leading study guide for the CISA exam, fully updated More than 27,000 IT professionals take the Certified Information Systems Auditor exam each year. SC Magazine lists the CISA as the top certification for security professionals. Compliances, regulations, and best practices for IS auditing are updated twice a year, and this is the most up-to-date book available to prepare aspiring CISAs for the next exam.CISAs are among the five highest-paid IT security professionals; more than 27,000 take the exam each year and the numbers are growingStandards are updated twice a year, and this b</subfield>
  </datafield>
  <datafield tag="650" ind1=" " ind2="4">
    <subfield code="a">Computer networks -- Security measures -- Examinations -- Study guides.</subfield>
  </datafield>
  <datafield tag="650" ind1=" " ind2="4">
    <subfield code="a">Computer security -- Examinations -- Study guides.</subfield>
  </datafield>
  <datafield tag="650" ind1=" " ind2="4">
    <subfield code="a">Information storage and retrieval systems -- Security measures -- Examinations -- Study guides.</subfield>
  </datafield>
  <datafield tag="650" ind1=" " ind2="4">
    <subfield code="a">Management information systems -- Auditing -- Examinations -- Study guides.</subfield>
  </datafield>
  <datafield tag="655" ind1=" " ind2="0">
    <subfield code="a">Electronic books.</subfield>
  </datafield>
  <datafield tag="856" ind1="4" ind2="0">
    <subfield code="u">http://miman.bib.bth.se/login?url=http://proquest.safaribooksonline.com/9781118033685</subfield>
  </datafield>
  <datafield tag="856" ind1="4" ind2="0">
    <subfield code="u">http://proxy.lib.chalmers.se/login?url=http://library.books24x7.com/library.asp?^B&amp;bookid=41062</subfield>
  </datafield>
  <datafield tag="856" ind1="4" ind2="0">
    <subfield code="u">http://sfxeu10.hosted.exlibrisgroup.com/sfxjon/?url_ver=Z39.88-2004&amp;ctx_ver=Z39.88-2004&amp;ctx_enc=info:ofi/enc:UTF-8&amp;rfr_id=info:sid/sfxit.com:opac_856&amp;url_ctx_fmt=info:ofi/fmt:kev:mtx:ctx&amp;sfx.ignore_date_threshold=1&amp;rft.object_id=2670000000077527&amp;svc_val_fmt=info:ofi/fmt:kev:mtx:sch_svc&amp;</subfield>
  </datafield>
  <datafield tag="856" ind1="4" ind2="0">
    <subfield code="u">http://sfxeu10.hosted.exlibrisgroup.com/sfxkth?url_ver=Z39.88-2004&amp;ctx_ver=Z39.88-2004&amp;ctx_enc=info:ofi/enc:UTF-8&amp;rfr_id=info:sid/sfxit.com:opac_856&amp;url_ctx_fmt=info:ofi/fmt:kev:mtx:ctx&amp;sfx.ignore_date_threshold=1&amp;rft.object_id=2670000000077527&amp;svc_val_fmt=info:ofi/fmt:kev:mtx:sch_svc&amp;</subfield>
  </datafield>
  <datafield tag="856" ind1="4" ind2="0">
    <subfield code="u">http://sfxeu11.hosted.exlibrisgroup.com/sfxmiu/?url_ver=Z39.88-2004&amp;ctx_ver=Z39.88-2004&amp;ctx_enc=info:ofi/enc:UTF-8&amp;rfr_id=info:sid/sfxit.com:opac_856&amp;url_ctx_fmt=info:ofi/fmt:kev:mtx:ctx&amp;sfx.ignore_date_threshold=1&amp;rft.object_id=2670000000077527&amp;svc_val_fmt=info:ofi/fmt:kev:mtx:sch_svc&amp;</subfield>
  </datafield>
  <datafield tag="856" ind1="4" ind2="0">
    <subfield code="u">https://ezproxy.hkr.se/login?url=http://site.ebrary.com/lib/kristianstad/Top?id=10452941</subfield>
  </datafield>
  <datafield tag="942" ind1=" " ind2=" ">
    <subfield code="2">ddc</subfield>
    <subfield code="c">BK</subfield>
  </datafield>
  <datafield tag="999" ind1=" " ind2=" ">
    <subfield code="c">215083</subfield>
    <subfield code="d">215083</subfield>
  </datafield>
  <datafield tag="952" ind1=" " ind2=" ">
    <subfield code="0">0</subfield>
    <subfield code="1">0</subfield>
    <subfield code="2">ddc</subfield>
    <subfield code="4">0</subfield>
    <subfield code="7">0</subfield>
    <subfield code="8">NFIC</subfield>
    <subfield code="a">MCS</subfield>
    <subfield code="b">MCS</subfield>
    <subfield code="d">2016-12-12</subfield>
    <subfield code="l">0</subfield>
    <subfield code="o">005.8076  CAN</subfield>
    <subfield code="p">MCSEB-3339</subfield>
    <subfield code="r">2016-12-08</subfield>
    <subfield code="w">2016-12-12</subfield>
    <subfield code="y">BK</subfield>
  </datafield>
</record>
